Quizzes
Events
Quiz Creation
Community
Videos
Private Events
Remove Ads
Sign In
Join for FREE
Feedback
Dark Mode
Quiz Categories
Sports
Geography
Music
Movies
Television
Just For Fun
Miscellaneous
History
Literature
Language
Science
Gaming
Entertainment
Religion
Holiday
For Kids
Quiz Lab
Recent
Popular Today
Quiz Kudos Today
Editor Picks
Curator Picks
Quizzes by...
Day
Popularity
Type
Ratings
Length
Year
Community
Subscriptions
Recent Discussions
Orange Saloon
Badges
Playlists
Quests
Create
Leaderboards
Showdown
Live 5
Trivia Bingo
Activity
Puzzle Library
Sporcle Events
Private Events
Virtual Trivia
Globe League
Become a Host
Pub Owners
SporcleCon
Opinionation
Our Games
Videos
Blog
Mobile Apps
Partnerships
Remove Ads and Go Orange
Feedback
History
US Presidents
World Leaders
Politics
Nation
Discovery
War
Decade
Year
Century
Biography
Art
History
US Presidents
World Leaders
Politics
Nation
Discovery
War
Decade
Year
Century
Biography
Art
Random Quiz
Search Sporcle
×
Quiz Lab
Quiz Lab
History
Company
Type in answers that appear in a list
Type in answers that appear in a list
Classic
Best Score? Go Orange.
Henry VIII's Company Stats
Can you name the people entwined with Henry VIII throughout his life?
By
JCX
8m
20 Questions
271 Plays
271 Plays
271 Plays
Comments
Comments
Give Quiz Kudos
Give Quiz Kudos
-
- Ratings
hide this ad
Replay
Link that replays current quiz
Next Quiz
Link to next quiz in quiz playlist
You Got
0%
They Got
Avg Score
74%
Avg Friend Score
Upgrade to see
Score Distribution
Jump to the score distribution portion of the page
Score
0/20
Timer
08:00
0
Plays Today
Hint
Person
% Correct
First child, eventually became queen
Mary I
97%
Henry's first Wife
Katherine of Aragon
94.8%
Henry's second Wife
Anne Boleyn
94.5%
Henry's second child who later ruled England for 44 years
Elizabeth I
94.5%
Henry's third wife
Jane Seymour
93%
Henry's son and third child
Edward VI
92.3%
Henry's fourth wife the 'flounders mare'
Anne of Cleves
90%
Henry's promiscuous fifth wife executed for adultery and treason
Katherine Howard
88.2%
Henry's protestant sixth wife
Katherine Parr
87.8%
Catholic Cardinal who served as Lord Chancellor from 1514-
1529 but died in custody after Henry arrested him for treason
Thomas Wolsey
84.1%
Hint
Person
% Correct
Protestant advisor who was executed in 1540 rose from humble beginnings to become Henry's chief minister
Thomas Cromwell
82.3%
Former Catholic Lord Chancellor Henry had executed in 1535
Sir Thomas More
71.2%
Archbishop of Canterbury and a leader in the English Reformation
Thomas Cranmer
65.7%
Henry's good friend who married his sister, Mary
Charles Brandon
65.3%
King of France at the time whom Henry waged war against
King Francis I of France
64.6%
Henry's brother-
in-
law who became Lord Protector after his death but was then executed
Sir Edward Seymour
60.1%
Catholic Bishop turned Cardinal turned martyr in 1535
John Fisher
51.3%
Led the 'Pilgramage of Grace' in rebellion against Henry's protestant changes
Robert Aske
43.9%
Pope who refused Henry his divorce to his 1st wife
Pope Clement VII
39.1%
Pope who carried out the sentance of excommunication against Henry
Pope Paul III
20.7%
Quiz Playlist
Details
Report
Send in Message
Add To Playlist
Classic:
Type in answers that appear in a list
Last Updated: Feb 16, 2017
Quiz Scoreboard
CHALLENGE
Sign Up to Join the Scoreboard
Show All
Scores
Hide
Comments
May contain spoilers
Recently Published
NBA Finals Game Top Scorers (2010s)
by flibbidy
Sports
5m
Guess the 'R' Things in 3 Words
by MSUKent
Miscellaneous
3m
Actor to Badly Drawn Movie III
by MoMosMoProblems
Movies
5m
More to Explore
Quiz From the Vault
Featured Blog Post
Where Does Lost Luggage Go?
hide this ad
You Might Also Like...
Tags
Company Quiz
Henry
Henry VIII
life
VIII
Today's Top Quizzes in History
Browse History
hide this ad
Today's Top Quizzes in Company
Browse Company
Top Contributed Quizzes in History
1
Nickname Match: US Presidents
2
I Am Born On March 18th
3
Nickname Match: World Leaders II
4
Nickname Match: US Presidents II
5
Famous People on Time Magazine Covers III (Slideshow)
6
10 to 1: Generals by War
7
27 Amendments
8
Order the British Succession
9
New Deal Alphabet Soup
10
I Am Born On March 17th
Explore More
Trending Topics
Anime
Harry Potter
Kpop
Marvel
NBA
Crossword
Disney
NFL
Song
Puzzle
The Office
Soccer
WWE
Country
Pokémon
hide this ad
More By:
JCX
Quiz
Plays
Rating
Category
Featured
Created
Henry VIII's Company
271
History
Jun 12, 2010
Go to Creator's Profile
Score Distribution
Quiz Creator Spotlight
JCX
Follow
Send a Message
Quizzes Created
-
Created Quiz Play Count
-
More By This Creator
Popular Quizzes Today
1
Find the US States - No Outlines Minefield
2
Find the US States
3
The Countries of the World
4
10 Largest US States in Order
5
Find the Countries of Europe - No Outlines Minefield
6
US States
7
Guess the 'R' Things in 3 Words
8
NBA Finals Game Top Scorers (2010s)
More History Quizzes
Famous Facebook 'Friends'
Published
Trending Quizzes
First Name TV: Leading Men
First Name TV: Leading Women Drama
Match the Book to the Film II
3-Word Movies in 1 Word II
Match the Book to the Film VI
Recently Updated
Women's Final Four Teams by Year
bhenderson79
Presidents Quartet II
eogle
Anything But Clue(do)
eogle
Anything But Oceanian Capitals
eogle
Anything But 7
eogle
Anything But Thing
eogle
Word Ladder: February 29
pecheneg
Song Title Questions
pecheneg
Women's NCAA Tournament #1 Seeds
pecheneg
Celebrity Mug Shots
pecheneg
Trending Topics
Harry Potter
Anime
Marvel
NBA
Crossword
Disney
Kpop
NFL
Song
WWE
The Office
Soccer
Puzzle
Pokémon
Country
Your Account Isn't Verified!
In order to create a playlist on Sporcle, you need to verify the email address you used during registration. Go to your
Sporcle Settings
to finish the process.
Report this User
Report this user for behavior that violates our
Community Guidelines
.
Details:
Send Report
Go to the Sporcle.com Mobile Site →
Comments